The tinderbox

Bibliographic Details
Format: Book
Published: London : Grandreams Limited , 1993
Series:A good night sleep tight storybook
Subjects:

MARC

LEADER 00000cam a2200000 7i4500
001 0000002859
005 20220105103939.0
008 070716
020 |a 1858301130 
090 0 0 |a JP   |b ENG (1847) 
245 1 4 |a The tinderbox 
260 |a London :   |b Grandreams Limited ,   |c 1993 
440 2 |a A good night sleep tight storybook 
500 |a Children age 4-6 years old (yellow) 
650 0 |a English   |x Languages 
650 0 |a Junior fiction 
999 |a 0000768241   |b Book   |c Children Collection   |e Cawangan Bandar Penawar 
999 |a 0000774667   |b Book   |c Children Collection   |e Cawangan Pontian 
999 |a 0000774668   |b Book   |c Children Collection   |e Cawangan Pontian 
999 |a 0000774669   |b Book   |c Children Collection   |e Cawangan Pontian 
999 |a 0000774670   |b Book   |c Children Collection   |e Cawangan Pontian 
999 |a 0000789554   |b Book   |c Children Collection   |e Cawangan Segamat 
999 |a 0000789558   |b Book   |c Children Collection   |e Cawangan Segamat 
999 |a 0000879327   |b Book   |c Children Collection   |e Cawangan Bandar Penawar 
999 |a 0000879333   |b Book   |c Children Collection   |e Cawangan Pontian 
999 |a 0000879928   |b Book   |c Children Collection   |e Cawangan Mersing 
999 |a 0000963635   |b Book   |c Children Collection   |e Perbadanan Perpustakaan Awam Johor 
999 |a 0000963636   |b Book   |c Children Collection   |e Perbadanan Perpustakaan Awam Johor 
999 |a 0000963637   |b Book   |c Children Collection   |e Perbadanan Perpustakaan Awam Johor 
999 |a 0000963638   |b Book   |c Children Collection   |e Perbadanan Perpustakaan Awam Johor 
999 |a 000879329   |b Book   |c Children Collection   |e Cawangan Batu Pahat